Loading...
| History - Other | 0 | 8 | 0 | 0 | 80 | 63 | 85.38 | 1 | 4 | 25.07 | 55.91 |
| History - European | 0 | 8 | 1 | 0 | 75 | 47 | 71.13 | 1 | 3 | 34.35 | 57.82 |
| Fine Arts - Painting and Sculpture | 0 | 6 | 0 | 0 | 60 | 72 | 91.67 | 1 | 2 | 17.00 | 39.91 |
| History - American | 0 | 6 | 0 | 0 | 60 | 21 | 38.67 | 3 | 4 | 41.00 | 49.00 |
| Science - Chemistry | 0 | 6 | 1 | 0 | 55 | 63 | 78.67 | 1 | 2 | 19.01 | 42.45 |
| Science - Biology | 0 | 6 | 3 | 1 | 45 | 59 | 79.00 | 1 | 4 | 17.07 | 38.45 |
| Science - Other | 0 | 4 | 0 | 1 | 40 | 61 | 95.75 | 0 | 0 | 7.08 | 19.82 |
| Literature - British | 0 | 3 | 0 | 0 | 30 | 106 | 122.33 | 0 | 0 | 4.56 | 11.82 |
| Philosophy | 0 | 3 | 0 | 0 | 30 | 88 | 92.33 | 0 | 1 | 7.26 | 18.00 |
| History - World | 0 | 4 | 3 | 1 | 25 | 71 | 95.75 | 0 | 2 | 12.06 | 26.55 |
| Science - Physics | 0 | 3 | 1 | 0 | 25 | 64 | 73.33 | 1 | 1 | 10.79 | 20.45 |
| Mythology | 0 | 2 | 0 | 1 | 20 | 93 | 113.00 | 0 | 0 | 2.44 | 5.55 |
| Literature - American | 0 | 2 | 0 | 0 | 20 | 34 | 86.50 | 1 | 1 | 8.07 | 14.00 |
| Social Science | 0 | 2 | 1 | 0 | 15 | 68 | 78.00 | 0 | 0 | 6.25 | 10.00 |
| Popular Culture | 0 | 1 | 0 | 0 | 10 | 58 | 58.00 | 0 | 0 | 28.03 | 35.00 |
| Religion | 0 | 1 | 0 | 0 | 10 | 95 | 95.00 | 0 | 1 | 1.28 | 6.00 |
| Geography | 0 | 1 | 0 | 0 | 10 | 112 | 112.00 | 0 | 0 | 4.84 | 27.27 |
| Literature - European | 0 | 1 | 1 | 0 | 5 | 125 | 125.00 | 0 | 0 | 1.13 | 5.00 |
| Current Events | 0 | 0 | 1 | 0 | -5 | 0.00 | 0 | 0 | 0.00 | 0.00 | |
| Fine Arts - Other | 0 | 0 | 1 | 0 | -5 | 0.00 | 0 | 0 | 0.00 | 0.00 |